| 000 | 00366nam a22001577a 4500 | ||
|---|---|---|---|
| 003 | SGT | ||
| 020 | _a978-93-5270-936-6 | ||
| 082 |
_a614.44 _bR19J |
||
| 100 | _aJAIN, VIVEK | ||
| 245 | _aREVIEW OF PREVENTIVE & SOCIAL MEDICINE | ||
| 250 | _a11TH | ||
| 260 |
_aINDIA _bJAYPEE PUB _c2019 |
||
| 300 | _a815 | ||
| 650 | _aCOMMUNITY MEDICINE | ||
| 942 |
_2ddc _cBK _0108 |
||
| 999 |
_c18751 _d18751 |
||